000 00329cam a22001097a 4500
008 180718b1956 xxu||||| |||| 00| 0 eng d
082 _aG26x54
245 _aAdvice to Parliamentary Officials
_cby Lok Sabha Secretariat
260 _aNew Delhi
_bLok Sabha Secretariat
_c1956
300 _a11+p
700 _aIndia. Lok Sabha Secretariat
999 _c396836
_d396836